00880cam a22002415a 4500001000800000005001700008008004100025020001500066020001800081040003300099082001900132100003100151245006200182260004400244300003500288504005100323650003800374653002800412856007400440942000800514999001700522952009900539363324920201128024303.0750207t1975 nyua frb 001 0 eng d a0471906166 a9780471906162 aDLCcDLCdDLCdEG-ScBUEbeng04a669.9222bVER1 aVerhoeven, John D.,d1934-10aFundamentals of physical metallurgy /cJohn D. Verhoeven. aNew York :bJohn Wiley & Sons,cc.1975. axiii, 567 p. :bill. ;c23 cm. aIncludes bibliographical references and index. 7aPhysical metallurgy.2BUEsh92614 bGGENbENGGENcMarch20184 3Table of Contentsuhttp://www.loc.gov/catdir/toc/onix06/75004600.html 2ddc c26330d26302 00102ddc4070aMAINbMAINc1STd2018-03-18l0o669.9 VERp000047432r2025-07-15 00:00:00yBB